000 00294nam a22001337a 4500
008 181107b xxu||||| |||| 00| 0 eng d
020 _a0618541888
041 _aeng
080 _22nd
_a371
100 _a46
101 _aEDU
245 _aCollege Reading Series
_cMifflin, H
942 _2udc
_cBK
999 _c52216
_d52216